แสดงรายละเอียดบรรณานุกรม
  กลับหน้าหลัก

Brief Record : Get Marc (ISO 2709) : E-mail record : QR code ปิดหน้าต่าง
สารบัญ Review โดย
ใช้งานได้ทุกระบบ
ห้องสมุด วพบ.ขอนแก่น
ใช้งานได้ทุกระบบ เมื่อ26/มกราคม/2558
  • บทที่ 1 นโยบายและแผนงานด้านสุขภพจิตและการพยาบาลจิตเวช
  • บทที่ 2 มโนมติสังคม วัฒนธรรมกับการพยาบาลสุขภาพจิตและจิตเวช
  • บทที่ 3 แนวคิดและทฤษฎีที่เลือกสรรทางการพยาบาลสุขภาพจิตและจิตเวช
  • บทที่ 4 การบำบัดทางการพยาบาลสุขภาพจิตและจิตเวช
  • บทที่ 5 บริบทด้านชีวภาพทางการพยาบาลสุขภาพจิตและจิตเวช
  • บทที่ 6 จิตเภสัชบำบัดและการพยาบาล
  • บทที่ 7 การพยาบาลสุขภาพจิตบุคคลกลุ่มเสี่ยง
  • บทที่ 8 ปัญหาสุขภาพจิตและจิตเวชในผู้สูงอายุและการดูแลช่วยเหลือ
  • บทที่ 9 การพยาบาลผู้ที่มีปัญหาทางสุขภาพจิตและปรับตัว
  • บทที่ 10 การพยาบาลบุคคลที่มีความผิดปกติด้านความคิดผู้ป่วยโรคจิตเภท
  • บทที่ 11 การพยาบาลบุคคลที่มีความผิดปกติทางอารมณ์ : ผู้ป่วยอารมณ์แปรปรวน
  • บทที่ 12 การดูแลผู้ป่วยจิตเวชที่บ้าน
  • บทที่ 13 กฎหมายและจริยธรรมทางการพยาบาลสุขภาพจิตและจิตเวช

E-books : เกี่ยวกับ Collections
LEADER 00000nam 2200000uu 4500
001    209531
003     ULIBM
008    140328s2556||||th 000 0 tha d
020    ^a9789740328612
040    ^abcnkk
041 0  ^atha
060 04 ^aWY160^bอ332ก 2556
100 0  ^aอรพรรณ ลือบุญธวัชชัย
245 10 ^aการพยาบาลสุขภาพจิตและจิตเวช /^cอรพรรณ ลือบุญธวัชชัย
246 0  ^aตำราการพยาบาลสุขภาพจิตและจิตเวช
250    ^aพิมพ์ครั้งที่ 5
260    ^aกรุงเทพฯ :^bสำนักพิมพ์แห่งจุฬาลงกรณ์มหาวิทยาลัย,^c2556
300    ^a390 หน้า :^c21 ซม.
650  4 ^aการพยาบาลจิตเวชศาสตร์
650  4 ^aผู้ป่วยจิตเวช^xการดูแล
650  4 ^aสุขภาพจิต
650  4 ^aตำราการพยาบาลสุขภาพจิตและจิตเวช
999    ^aใช้งานได้ทุกระบบ
รายการนี้ยังไม่มีแท็ก
คุณยังไม่ได้ล็อกอิน คุณสามารถมีกิจกรรมร่วมกับเว็บไซต์ได้ แต่ต้องล็อกอินก่อน ::
  ล็อกอิน
ลำดับที่ ประเภท เลขเรียก สถานที่ สถานะ
1. หนังสือสำรอง
หนังสือสำรอง
WY160 อ332ก 2556  
  
ห้องสมุด หอพักนักศึกษา (ห้องเหลือง) On Shelf
  ขอยืม
Note:ปีงบประมาณ2557
2. การพยาบาล (ตำราหลัก)
การพยาบาล (ตำราหลัก)
WY160 อ332ก 2556 ฉ.2 
  
การพยาบาลจิตเวชและสุขภาพจิต On Shelf
  ขอยืม
Note:ปีงบประมาณ2557
3. การพยาบาล (ตำราหลัก)
การพยาบาล (ตำราหลัก)
WY160 อ332ก 2556 ฉ.3 
  
ห้องสมุด หอพักนักศึกษา (ห้องเหลือง) On Shelf
  ขอยืม
Note:ปีงบประมาณ2557
4. การพยาบาล (ตำราหลัก)
การพยาบาล (ตำราหลัก)
WY160 อ332ก 2556 ฉ.4 
  
การพยาบาลจิตเวชและสุขภาพจิต On Shelf
  ขอยืม
Note:ปีงบประมาณ2557
5. การพยาบาล (ตำราหลัก)
การพยาบาล (ตำราหลัก)
WY160 อ332ก 2556 ฉ.5 
  
ห้องสมุด หอพักนักศึกษา (ห้องเหลือง) On Shelf
  ขอยืม
Note:ปีงบประมาณ2557
6. การพยาบาล (ตำราหลัก)
การพยาบาล (ตำราหลัก)
WY160 อ332ก 2556 ฉ.6 
  
การพยาบาลจิตเวชและสุขภาพจิต On Shelf
  ขอยืม
Note:ปีงบประมาณ2557
7. การพยาบาล (ตำราหลัก)
การพยาบาล (ตำราหลัก)
WY160 อ332ก 2556 ฉ.7 
  
การพยาบาลจิตเวชและสุขภาพจิต On Shelf
  ขอยืม
Note:ปีงบประมาณ2557
8. การพยาบาล (ตำราหลัก)
การพยาบาล (ตำราหลัก)
WY160 อ332ก 2556 ฉ.8 
  
ห้องสมุด หอพักนักศึกษา (ห้องเหลือง) On Shelf
  ขอยืม
Note:ปีงบประมาณ2557
9. การพยาบาล (ตำราหลัก)
การพยาบาล (ตำราหลัก)
WY160 อ332ก 2556 ฉ.9 
  
ห้องสมุด หอพักนักศึกษา (ห้องเหลือง) On Shelf
  ขอยืม
Note:ปีงบประมาณ2557
10. การพยาบาล (ตำราหลัก)
การพยาบาล (ตำราหลัก)
WY160 อ332ก 2556 ฉ.10 
  
การพยาบาลจิตเวชและสุขภาพจิต On Shelf
  ขอยืม
Note:ปีงบประมาณ2557
   [แสดง 10/10 รายการ]

รายการใกล้เคียง
    ผู้แต่ง [อรพรรณ ลือบุญธวัชชัย]

    หัวเรื่อง [การพยาบาลจิตเวชศาสตร์]
    หัวเรื่อง [สุขภาพจิต]

BibComment


ยังไม่เคยถูกคอมเมนท์

คอมเมนท์ทรัพยากรรายการนี้
  คอมเมนท์: การพยาบาลสุขภาพจ..
Bib 209531

 
 
 

 Union Library Management : ULibM
Copyright 2026. All Rights Reserved.
скачать бесплатно без регистрации порно красивый секс HD Sex Hindi sex

xxx gou

xxxx

bfxxx

xxxwww

Секса Видео

xxxx

Секса Видео

detube

geilexxx

C99 Shell

worms shell

blod xxx video
Ebony Coed Rihanna Rimes Takes A Dick In Her Young Twat priyaa indian fuck anal and pusssy hardcore indian women xxx desi hardcore fucking part 1 bengalixxxcouple